Online
Catalog

Exclusivismo y fraternidad de los pueblos / (Record no. 27934)

MARC details
000 -CABECERA
campo de control de longitud fija 00665nam a2200181 a 4500
001 - NÚMERO DE CONTROL
campo de control 000028442
005 - FECHA Y HORA DE LA ÚLTIMA TRANSACCIÓN
campo de control 20240305083702.0
008 - DATOS DE LONGITUD FIJA--INFORMACIÓN GENERAL
campo de control de longitud fija 110408s1974 dr a r 000 0 spa d
040 ## - FUENTE DE LA CATALOGACIÓN
Centro catalogador/agencia de origen DO-SdBNP
Lengua de catalogación spa
Centro/agencia transcriptor BNPHU
082 ## - NÚMERO DE LA CLASIFICACIÓN DECIMAL DEWEY
Número de clasificación xxxx
Número de documento/Ítem A594e, 1974
100 1# - ENTRADA PRINCIPAL--NOMBRE DE PERSONA
Nombre de persona Angulo Guridi, Alejandro,
Fechas asociadas al nombre 1823-1906
9 (RLIN) 22243
245 10 - MENCIÓN DE TÍTULO
Título Exclusivismo y fraternidad de los pueblos /
Mención de responsabilidad, etc. Alejandro Angulo Guridi.
250 ## - MENCIÓN DE EDICIÓN
Mención de edición 2a ed.
260 ## - PUBLICACIÓN, DISTRIBUCIÓN, ETC.
Lugar de publicación, distribución, etc. Santo Domingo :
Nombre del editor, distribuidor, etc. Sociedad Dominicana de Bibliófilos,
Fecha de publicación, distribución, etc. 1974.
Fabricante Editora Taller
300 ## - DESCRIPCIÓN FÍSICA
Extensión 25 p. ;
Dimensiones 19 cm.
490 1# - MENCIÓN DE SERIE
Mención de serie Sociedad dominicana de bibliófilos
-- segunda serie
830 #0 - PUNTO DE ACCESO ADICIONAL DE SERIE-TÍTULO UNIFORME
Título uniforme Sociedad dominicana de bibliófilos
Nombre de parte o sección de la obra segunda serie
9 (RLIN) 55386
Holdings
Estado de retiro Estado de pérdida Restricciones de uso No para préstamo Código de colección Localización permanente Ubicación/localización actual Ubicación en estantería Fecha de adquisición Número de inventario Total de préstamos Signatura topográfica completa Código de barras Fecha visto por última vez Número de copia Precio válido a partir de Tipo de ítem Koha Nota pública
        Dominicana de Servicio General General Depósito 08.04.2011 LF1   xxxx A594e, 1974 28442-30 25.06.2020 e.3 25.06.2020 Libro y Folleto Colección Dominicana de Servicio Perteneció a la biblioteca personal de Carlos Larrabazal Blanco.
        Dominicana de Servicio General General Depósito 11.02.2015 LF1   xxxx A594e, 1974 28442-40 25.06.2020 e.4 25.06.2020 Libro y Folleto Colección Dominicana de Servicio  
        Dominicana de Servicio General General Depósito 08.05.2015 LF1   xxxx A594e, 1974 28442-50 25.06.2020 e.5 25.06.2020 Libro y Folleto Colección Dominicana de Servicio  
      Excluido de préstamo Patrimonio Dominicano Patrimonio Dominicano Patrimonio Dominicano Depósito 08.04.2011 LF1   xxxx A594e, 1974 28442-10 25.06.2020   25.06.2020 Libro y Folleto Colección Patrimonio Dominicano Perteneció a la bibliteca personal de Germán Emilio Ornes.
      Excluido de préstamo Patrimonio Dominicano Patrimonio Dominicano Patrimonio Dominicano Depósito 08.04.2011 LF1   xxxx A594e, 1974 28442-20 25.06.2020 e.2 25.06.2020 Libro y Folleto Colección Patrimonio Dominicano Perteneció a la biblioteca personal de Carlos Larrabazal Blanco.

Powered by Koha